Príčiny globalizácie zodpovedného podnikania

Pojem spoločensky zodpovedné podnikanie (SZP). Svetové organizácie spojené so SZP. Verejná podpora SZP za hranicami SR.

Gespeichert in:
Bibliographische Detailangaben
1. Verfasser: Littvová, Veronika
Format: Buchkapitel
Sprache:Slowakisch
Schlagworte:
Tags: Tag hinzufügen
Keine Tags, Fügen Sie das erste Tag hinzu!

MARC

LEADER 00000nla a2200000 4500
001 0181261
005 20240502073117.0
041 0 |a slo 
044 |a SK 
245 1 0 |a Príčiny globalizácie zodpovedného podnikania  |c Veronika Littvová 
520 |a Pojem spoločensky zodpovedné podnikanie (SZP). Svetové organizácie spojené so SZP. Verejná podpora SZP za hranicami SR. 
610 2 0 |a podnikanie zodpovedné 
610 2 0 |a globalizácia 
610 2 0 |a normy ISO 
610 2 0 |a zodpovednosť spoločenská 
610 2 0 |a práva ľudské 
610 2 0 |a organizácie medzinárodné 
100 1 |a Littvová, Veronika